000 00613pam a2200217 a 4500
008
020 _a0077072693 (pbk.)
049 _aMAIN
090 _aZ52.4 OUT
100 1 _aOuthwaite, Barbara.
245 1 0 _aUsing word processing effectively /
_cBarbara Outhwaite.
260 _aLondon :
_bMcGraw-Hill,
_c1992.
300 _aiii, 92 p. ;
_c30 cm.
650 _aInformation technology
_xcomputers.
650 0 _aWord processing.
907 _a.b10069203
_b26-01-07
_c17-04-03
003
005 20230123133840.0
040 _cNUST
942 _cBOOKS
_kZ52.4 OUT
999 _c155680
_d155680